Information Privacy Law (Record no. 18400)

MARC details
000 -LEADER
fixed length control field 00522nam a22001817a 4500
008 - FIXED-LENGTH DATA ELEMENTS--GENERAL INFORMATION
fixed length control field 200803b xxu||||| |||| 00| 0 eng d
020 ## - INTERNATIONAL STANDARD BOOK NUMBER
International Standard Book Number 1454892755
050 ## - LIBRARY OF CONGRESS CALL NUMBER
Classification number KF1262
Item number .S65 2018 c.1
100 ## - MAIN ENTRY--PERSONAL NAME
Personal name Solove, Daniel J.
245 ## - TITLE STATEMENT
Title Information Privacy Law
Statement of responsibility, etc. Daniel J. Solove
250 ## - EDITION STATEMENT
Edition statement 6th ed.
260 ## - PUBLICATION, DISTRIBUTION, ETC. (IMPRINT)
Place of publication, distribution, etc. New York
Name of publisher, distributor, etc. Wolters Kluwer
Date of publication, distribution, etc. 2018
300 ## - PHYSICAL DESCRIPTION
Extent xxxi, 1219p.
650 ## - SUBJECT ADDED ENTRY--TOPICAL TERM
Topical term or geographic name as entry element Data Protection
Form subdivision Law and legislation
650 ## - SUBJECT ADDED ENTRY--TOPICAL TERM
Topical term or geographic name as entry element Confidential communication
700 ## - ADDED ENTRY--PERSONAL NAME
Personal name Paul M. Schwartz
942 ## - ADDED ENTRY ELEMENTS (KOHA)
Source of classification or shelving scheme Library of Congress Classification
Koha item type General Collection
Holdings
Withdrawn status Lost status Source of classification or shelving scheme Not for loan Home library Current library Date acquired Cost, normal purchase price Total Checkouts Full call number Barcode Date last seen Date last checked out Price effective from Koha item type
    Library of Congress Classification   Kabarak, Main Campus Kabarak, Main Campus 03/08/2020 34366.00 2 KF1262 .S65 2018 c.1 028880 22/11/2024 06/11/2024 03/08/2020 General Collection
    Library of Congress Classification   Kabarak, Main Campus Kabarak, Main Campus 03/08/2020 34366.00   KF1262 .S65 2018 c.2 028881 03/08/2020   03/08/2020 General Collection
    Library of Congress Classification   Kabarak, Main Campus Kabarak, Main Campus 03/08/2020 34366.00   KF1262 .S65 2018 c.3 028882 03/08/2020   03/08/2020 General Collection
Designed with assistance from East African Informatics Ltd